| 000 | 00624nam a2200205 u 4500 | ||
|---|---|---|---|
| 005 | 20240314063650.0 | ||
| 008 | 150319s1997 ea r 000 0 spa d | ||
| 020 | _a0374418136 | ||
| 035 | _aUPN01000202646 | ||
| 049 | _aI | ||
| 050 | 4 |
_aPZ10.3 _bS8.36 |
|
| 100 | 1 |
_aSteig, William, _d1907-2003 _933091 |
|
| 245 | 1 | 0 |
_aDoctor de Soto / _cWilliam Steig ; tr. MarĂa Puncel. |
| 260 |
_aNew York : _bMirasol : _bLibros Juveniles, _c1997. |
||
| 300 |
_a[30] p. : _bil. col. |
||
| 650 | 0 |
_aAnimales _vCuentos y leyendas _9234 |
|
| 650 | 4 |
_aCuentos infantiles estadounidenses _910762 |
|
| 905 | _aInfantil | ||
| 999 |
_c174747 _d174747 |
||